| 000 | 01144nam a2200325 i 4500 | ||
|---|---|---|---|
| 001 | 192688 | ||
| 003 | SpMaBN | ||
| 005 | 20240228063041.0 | ||
| 008 | 230519s1991 sp | |||| ||spa d | ||
| 016 | 7 |
_abimoBNE19930992875 _zCHM920017649 _2SpMaBN |
|
| 017 |
_aB 26770-1991 _bOficina Depósito Legal Barcelona |
||
| 020 | _a8474261741 | ||
| 035 | _a(OCoLC)433802346 | ||
| 040 |
_aSpMaBN _bspa _cES-MaACL |
||
| 080 | _a330.342.14(460)"1970/1990" | ||
| 245 | 0 | 3 |
_aLa reestructuración del capitalismo en España, 1970-1990 / _cMiren Etxezarreta (coord.) |
| 250 | _aPrimera edición: octubre 1991 | ||
| 264 | 1 |
_aBarcelona : _bIcaria; _bFuhem, _c1991 |
|
| 300 |
_a768 páginas ; _c21 cm |
||
| 490 | 1 |
_aEconomía crítica ; _v2 |
|
| 500 | _aÍndice | ||
| 504 | _aReferencias bibliográficas | ||
| 650 | 4 |
_aCapitalismo- _zEspaña _2embne _910763 |
|
| 700 | 1 |
_aEtxezarreta, Miren _d1936- _9176561 _epbl |
|
| 830 |
_9176560 _aEconomía crítica ; _v2 |
||
| 852 |
_aEs-MaACL _bR. 153233 _cDEPOJ _hDonación: Editorial _jN-8318 _9199984 |
||
| 942 |
_n0 _cMONOGRAFIA |
||
| 999 |
_c192688 _d192688 |
||